| 000 | 00669nam a22002417a 4500 | ||
|---|---|---|---|
| 003 | UA-OsUOA | ||
| 001 | 46093 | ||
| 007 | ta | ||
| 008 | 20070604b un ||||| |||| 00| 0 ukr d | ||
| 100 | _aГуткина Н. И. | ||
| 090 |
_a37.015.3(075.8) _bГ97 |
||
| 942 | _cBK | ||
| 040 |
_aUA-OsUOA _brus _cUA-OsUOA _dUA-OsUOA |
||
| 245 | _aПсихологическая готовность к школе | ||
| 300 | _a208 с. | ||
| 955 | _a2 | ||
| 041 | _arus | ||
| 080 | _a37.015.3(075.8) | ||
| 020 | _a978-5-469-01447-8 | ||
| 260 |
_aСПб _bПитер _c2007 |
||
| 650 | 7 |
_a37.0 Основні види та принципи освіти _2UDC |
|
| 999 |
_c332190 _d332190 |
||